Milwaukee Bucks All-Time Starting 5 - Statistics

General Stats
  • This quiz has been taken 463 times
    405 since last reset
  • The average score is 4 of 7
Answer Stats
Position Player % Correct
C Kareem Abdul-Jabbar
97%
PF Giannis Antetokounmpo
94%
PG Oscar Robertson
84%
SG Ray Allen
68%
6th Man Sidney Moncrief
54%
SF Bob Dandridge
15%
Coach Larry Costello
4%
No matching quizzes found
Score Distribution
Percent of People with Each Score
Percentile by Number Answered
Your Score History
You have not taken this quiz since the last reset